Movies Quiz

Random Movies Quiz

Unmix the Movie! Quiz Stats

 Plays Quiz not verified by Sporcle

Challenge
Share
Tweet
Embed
Score 0/20 Timer 03:00
0 Plays Today
Mixed up Film Film title % Correct
Pplu NctiifoPulp Fiction
98.9%
OysphcPsycho
97.8%
NertRent
94.6%
Neo Wfle Rove het Ockous'o TnseOne Flew Over the Cuckoo's Nest
93.5%
Teh Eilscen fo eht BlamsSilence of the Lambs
91.4%
Kcjiae WornbJackie Brown
89.2%
Iltelt Sims EssnunhiLittle Miss Sunshine
89.2%
Tra CearRat Race
89.2%
NiicttaTitanic
88.2%
Lreeb Uwhttohi A SucaeRebel Without A Cause
86%
Mixed up Film Film title % Correct
Het Gksi'n HseepcThe King's Speech
86%
Enaacmri YabtueAmerican Beauty
82.8%
Krbeokcab NmutinaoBrokeback Mountain
82.8%
SarchCrash
80.6%
Het Civousi NikdThe Vicious Kind
80.6%
RsmaecScream
77.4%
Eamn Rkeec Mean Creek
67.7%
Elub ItnealevnBlue Valentine
62.4%
Hte FsmtisiThe Misfits
58.1%
PeeahntlElephant
28%

You're not logged in!

Compare scores with friends on all Sporcle quizzes.
Join for Free
OR
Log In

You Might Also Like...

Show Comments

Extras

Created Jul 17, 2011ReportNominate
Tags:mixed, starring

Top Quizzes Today


Score Distribution

Your Account Isn't Verified!

In order to create a playlist on Sporcle, you need to verify the email address you used during registration. Go to your Sporcle Settings to finish the process.

Report this User

Report this user for behavior that violates our Community Guidelines.

Details: